Tracker solution for old age homes (Record no. 6081)

MARC details
000 -LEADER
fixed length control field 02516nam a22001937a 4500
003 - CONTROL NUMBER IDENTIFIER
control field OSt
005 - DATE AND TIME OF LATEST TRANSACTION
control field 20220107122839.0
008 - FIXED-LENGTH DATA ELEMENTS--GENERAL INFORMATION
fixed length control field 180529b xxu||||| |||| 00| 0 eng d
040 ## - CATALOGING SOURCE
Transcribing agency IIITMK
100 ## - MAIN ENTRY--PERSONAL NAME
Personal name Dhanya P R (93616014)
9 (RLIN) 14169
245 ## - TITLE STATEMENT
Title Tracker solution for old age homes
300 ## - PHYSICAL DESCRIPTION
Extent MSC CS 2016-2018
500 ## - GENERAL NOTE
General note The IoT depends on a whole host of technologies such as application programming interfaces <br/>(APIs) that connect devices to the Internet. Other key IoT technologies are Big Data<br/>management tools, predictive analytics, AI and machine learning, the cloud, and radiofrequency<br/>identification (RFID). Cloud-based IoT platforms<br/>and architecture connect the real<br/>and virtual worlds. They help companies <br/>manage IoT device connectivity and security – as<br/>well as collect device data, link devices to backend systems, ensure IoT interoperability, and<br/>build and run IoT applications. One of the biggest benefits of the IoT is the efficiency it can<br/>offer. Many companies are using it to automate business and manufacturing processes,<br/>remotely monitor and control operations, optimise supply chains, and conserve resources. In<br/>this work we are proposing a tracking and monitoring system based on IoT which is capable<br/>of sending sos message with information such as location, device id, type of service etc. It is<br/>simply a handheld device with emergency switches, GSM/cellular connectivity and<br/>GPS+GNSS module. The switch will send message to necessary services like police,<br/>ambulance and support services such as food and medicine. This project is intended to develop<br/>a web backend for the proposed system which provide interactive api for users, must provide<br/>an administrator privilege account and automatic tracking and updating of device and location.<br/>The device is powered by our embedded OS and connected to our backend that provide the<br/>requirements.The IoT connectivity is achieved by GPRS module along with Real Time<br/>Operating System. The periodic report like a battery, range, location from<br/>corresponding sensors should be uploaded to the server. To employ encryption and<br/>authentication, adopted Public key cryptography which makes the data highly secure. The data<br/>is encrypted and send to server. In server the data is decrypted. The decrypted data then parsed<br/>and send to django backend in json format. <br/>
502 ## - DISSERTATION NOTE
Degree type MSC CS
Name of granting institution 2016-2018
Year degree granted INT
-- Dr. Tony Thomas
650 ## - SUBJECT ADDED ENTRY--TOPICAL TERM
Topical term or geographic name entry element IOT TECHNOLOGY
9 (RLIN) 14170
650 ## - SUBJECT ADDED ENTRY--TOPICAL TERM
Topical term or geographic name entry element BIG DATA
9 (RLIN) 14171
650 ## - SUBJECT ADDED ENTRY--TOPICAL TERM
Topical term or geographic name entry element GPS / GPRS MODULE
9 (RLIN) 14172
942 ## - ADDED ENTRY ELEMENTS (KOHA)
Source of classification or shelving scheme Dewey Decimal Classification
Koha item type
Holdings
Withdrawn status Lost status Source of classification or shelving scheme Damaged status Not for loan Collection code Home library Current library Shelving location Date acquired Total Checkouts Barcode Date last seen Price effective from Koha item type
    Dewey Decimal Classification     Non Fiction IIITM-K Kerala University of Digital Sciences, Innovation and Technology Knowledge Centre   29/05/2018   R-1387 29/05/2018 29/05/2018 Project Reports